KOHA-Header-6

The Biography of Imam Ahmed Bin Hanbal (May Allah Have mercy on him) (Record no. 13698)

000 -LEADER
fixed length control field 00400nam a22001457a 4500
020 ## - INTERNATIONAL STANDARD BOOK NUMBER
ISBN 996097152x
082 ## - DEWEY DECIMAL CLASSIFICATION NUMBER
Classification number 922.584
100 ## - MAIN ENTRY--AUTHOR NAME
Personal name Abdul Mawjood, Salahuddin Ali
245 ## - TITLE STATEMENT
Title The Biography of Imam Ahmed Bin Hanbal (May Allah Have mercy on him)
260 ## - PUBLICATION, DISTRIBUTION, ETC. (IMPRINT)
Place of publication Riyadh
Name of publisher Darussalam
Year of publication 2006
300 ## - PHYSICAL DESCRIPTION
Number of Pages 151 Pages
Other physical details 21 cm
650 ## - SUBJECT ADDED ENTRY--TOPICAL TERM
Topical Term Biograohy
700 ## - ADDED ENTRY--PERSONAL NAME
Personal name translated by Sameh Strauch
942 ## - ADDED ENTRY ELEMENTS (KOHA)
Koha item type Books
Holdings
Withdrawn status Lost status Collection code Permanent Location Current Location Shelving location Date acquired Full call number Accession Number Koha item type
    Islamic Personalities Biographies MAJU MAJU Shelf No.A13 2023-02-03 922.584 10790 Books

Powered by Koha